000 00614nam a2200229Ia 4500
003 OSt
005 20221007075936.0
006 a|||||r|||| 00| 0
007 ta
008 221006b |||||||| |||| 00| 0 eng d
024 _a13,954
037 _cTextual
040 _aFLL
_cFLL
_beng
041 _2eng
_aeng
082 _aX.2.N76, L7
100 _aHanif M.W. Au.
_9694421
245 0 _a25-point socio-economic programme
260 _aNew Delhi
_bS.Chand and company ltd. India
_c1977
300 _a148p
_ccm.
942 _hX.2.N76, L7
_cTEXL
_2CC
999 _c1157899
_d1157899